| Поле | Инд. | ПП | Название | Значение |
|---|---|---|---|---|
| Тип записи | a | |||
| Библиографический уровень | m | |||
| 001 | Контрольный номер | 8d3f2965994d4a04ad1a9667c697ac8f | ||
| 005 | Дата корректировки | 20260406095718.3 | ||
| 020 | c | Цена, тираж | 0-00 | |
| 084 | a | Индекс другой классификации/Индекс ББК | 95 | |
| 091 | i | Возрастная адресация (DOS) | 6+ | |
| 097 | b | Оператор | Попеленкова | |
| 245 | 10 | a | Заглавие | Фантазеры |
| n | Номер части/ раздела | 3 | ||
| 260 | c | Дата издания | 2026 | |
| 900 | a | Имя макрообъекта | 000000387398 | |
| 901 | t | Тип документа | s |